Kristy and the walking disaster / (Record no. 1002)

MARC details
000 -LEADER
fixed length control field 01151pam a2200325 a 4500
005 - DATE AND TIME OF LATEST TRANSACTION
control field 20231117091518.0
020 ## - INTERNATIONAL STANDARD BOOK NUMBER
International Standard Book Number 0836810244 (lg. print)
040 ## - CATALOGING SOURCE
Original cataloging agency DLC
Transcribing agency DLC
Modifying agency DLC
Language of cataloging eng
050 00 - LIBRARY OF CONGRESS CALL NUMBER
Classification number PZ7.M3567585
Item number Kq 1989
082 00 - DEWEY DECIMAL CLASSIFICATION NUMBER
Classification number [Fic]
Edition number 20
100 1# - MAIN ENTRY--PERSONAL NAME
Personal name Martin, Ann M.,
Dates associated with a name 1955-
245 10 - TITLE STATEMENT
Title Kristy and the walking disaster /
Statement of responsibility, etc. Ann M. Martin.
260 ## - PUBLICATION, DISTRIBUTION, ETC.
Place of publication, distribution, etc. New York :
Name of publisher, distributor, etc. Scholastic,
Date of publication, distribution, etc. 1989.
300 ## - PHYSICAL DESCRIPTION
Extent 141 pages :
Dimensions 20 cm.
490 1# - SERIES STATEMENT
Series statement The Baby-sitters Club ;
Volume/sequential designation Book 20
500 ## - GENERAL NOTE
General note "First published by Scholastic Inc."--verso t. p.
505 ## - FORMATTED CONTENTS NOTE
Formatted contents note P
520 ## - SUMMARY, ETC.
Summary, etc. When she sees how much her little brother and young stepbrother and stepsister want to play softball, thirteen-year-old Kristy starts her own team, which makes up in spirit what it lacks in skill.
521 ## - TARGET AUDIENCE NOTE
Target audience note 650 <br/>
Source Lexile <br/>
521 ## - TARGET AUDIENCE NOTE
Target audience note P <br/>
Source Raz-Plus <br/>
650 #0 - SUBJECT ADDED ENTRY--TOPICAL TERM
Topical term or geographic name entry element Large type books.
650 #1 - SUBJECT ADDED ENTRY--TOPICAL TERM
Topical term or geographic name entry element Softball
General subdivision Fiction.
650 #1 - SUBJECT ADDED ENTRY--TOPICAL TERM
Topical term or geographic name entry element Stepfamilies
General subdivision Fiction.
650 #1 - SUBJECT ADDED ENTRY--TOPICAL TERM
Topical term or geographic name entry element Babysitters and babysitting
General subdivision Fiction.
650 #1 - SUBJECT ADDED ENTRY--TOPICAL TERM
Topical term or geographic name entry element Clubs
General subdivision Fiction.
650 #1 - SUBJECT ADDED ENTRY--TOPICAL TERM
Topical term or geographic name entry element Large type books.
906 ## - LOCAL DATA ELEMENT F, LDF (RLIN)
a 7
b cbc
c orignew
d 1
e ocip
f 19
g y-gencatlg
942 ## - ADDED ENTRY ELEMENTS (KOHA)
Source of classification or shelving scheme Dewey Decimal Classification
Koha item type Books
Suppress in OPAC No
999 ## -
-- 1002
-- 1002
Holdings
Withdrawn status Lost status Source of classification or shelving scheme Damaged status Not for loan Collection Home library Current library Shelving location Date acquired Total Checkouts Full call number Barcode Date last seen Date last checked out Copy number Price effective from Koha item type
    Dewey Decimal Classification     Juvenile Fiction Footprints International School Library Network Toul Kork Campus Footprints International School Library Network Toul Kork Campus   07/18/2023 1 MAR Fic PZ7.M3567585 FIS03199 04/23/2025 01/12/2024 1 07/18/2023 Books
    Dewey Decimal Classification     Juvenile Fiction Footprints International School Library Network Toul Kork Campus Footprints International School Library Network Toul Kork Campus TK Primary Library Room(4th Floor), Bookcase 5&6, Shelves 33-56, Orange Books 11/17/2023   MAR Fic PZ7.M3567585 FISTK00101 11/17/2023   2 07/18/2023 Books